000
00320 a2200157 4500
001
161305
020
_a
040
_c
Magnum
100
_a
-
240
1
0
_a
0 Pequeno polegar/globo
_l
por
245
1
0
_a
0 Pequeno polegar/globo
362
0
_a
1899
440
1
_a
Globo
697
_a
IJ/AVENTURA, CRIANCAS
942
_c
BK
999
_c
161305
_d
161305